00521 a2200169 450000100060000002000270000604000220003310000210005524000360007624500340011230000110014636200090015765000520016694200070021895201090022599900170033464120 a9788533915626 (broch.) cAnchieta - Pituba aVasconcelos, Ana10aManual compacto de filosofia l10aManual compacto de filosofia  a276p. 0 a2010 4aEducação, pesquisa e tópicos relacionados cBK 00104070a91.1b91.1d2023-11-21l0o107 V331m VAS MANp17747/PITr2023-11-21 18:32:32w2023-11-21yBK c64120d64120